| 000 | 00000nas 2200000za 4500 |
| 001 | 9.501668 |
| 003 | CaOODSP |
| 005 | 20230413103025 |
| 007 | cr ||||||||||| |
| 008 | 150406d20002004xxc|| p o||||f| |0fre|d |
| 040 | |aCaOODSP|bfre |
| 043 | |an-cn--- |
| 086 | 1 |aJU12-1/F-PDF |
| 110 | 2 |aConseil canadien de la magistrature.|eauteur, |eorganisme de publication. |
| 245 | 10|aAIM - actualités informatiques pour la magistrature |h[ressource électronique] |
| 260 | |aOttawa - Ontario : |bConseil canadien de la magistrature |c2000-2004. |
| 310 | |aIrrégulier |
| 362 | 1 |aParaît depuis n° 29, Printemps-Été, 2000; ne paraît plus après n° 35, Automne-Hiver 2003-2004. |
| 691 | 07|aJuge|2gcpds |
| 691 | 07|aSystème informatique|2gcpds |
| 775 | 08|tCNJ - computer news for judges |w(CaOODSP)9.505268 |